Karty epic w Clash Royale - Statystyki

Ogólne statystyki
  • Ten quiz został rozwiązany 56 razy
    50 od ostatniego zresetowania
  • Średni wynik to 18 z 31
Statystyki odpowiedzi
Arena Typ Odpowiedź % Poprawnych
Arena 6 Troop Pekka
83%
Arena 7 Troop Prince
83%
Arena 6 Troop Witch
78%
Arena 7 Troop Dark Prince
75%
Arena 6 Troop Skeleton Army
72%
Arena 8 Spell Lightning
69%
Arena 6 Troop Baby Dragon
67%
Arena 8 Troop Giant Skeleton
67%
Arena 6 Spell Goblin Barrel
67%
Arena 9 Troop Goblin Giant
67%
Arena 10 Troop Golem
64%
Arena 12 Troop Electro Dragon
61%
Arena 13 Troop Electro Giant
61%
Arena 9 Spell Poison
61%
Arena 14 Spell Rage
61%
Arena 15 Spell Tornado
61%
Arena 7 Troop Balloon
56%
Arena 9 Spell Barbarian Barrel
56%
Arena 15 Spell Mirror
56%
Arena 10 Budynek Xbow
56%
Arena 8 Spell Freeze
53%
Goblins 2 Spell Goblin Curse
53%
Arena 8 Tower Troop Cannoneer
44%
Arena 14 Budynek Goblin Drill
44%
Arena 13 Troop Bowler
42%
Arena 15 Spell Clone
42%
Arena 6 Troop Guards
42%
Arena 10 Troop Hunter
42%
Arena 15 Troop Cannon Cart
39%
Arena 14 Troop Executioner
36%
Arena 12 Troop Wall Breakers
36%
Nie znaleziono quizów pasujących do podanych kryteriów
Rozkład punktacji
Procent ludzi z każdym wynikiem
Percentyl według liczby udzielonych odpowiedzi
Twoja historia wyników
Nie rozwiązałeś tego quizu od ostatniego zresetowania